| 000 | 00494nam a2200181Ia 4500 | ||
|---|---|---|---|
| 999 |
_c29228 _d29228 |
||
| 003 | OSt | ||
| 005 | 20201218115507.0 | ||
| 008 | 190216s9999||||xx |||||||||||||| ||und|| | ||
| 020 | _a9788124014332 | ||
| 040 | _coclc | ||
| 082 |
_a894.8121 _bRAV/R |
||
| 100 |
_aRavikumar, P _97671 |
||
| 245 | 0 |
_aM D Ramanathan / _cP Ravikumar |
|
| 260 |
_bDc Books, _a Kottayam: _c2006. |
||
| 300 | _a108p | ||
| 650 | _aKathakal | ||
| 942 |
_cBK _2ddc _h894.8121 _iRAV/R _k894.8121 _mRAV/R |
||